000 01371nam0a22002891 4500
001 rc\936099
005 20041129095614.8
035 _a(NLR Aleph) 006108925
090 _a5337864
_c5337864
100 _a20041129d1982 u |0rusy50 ca
101 0 _arus
102 _aRU
105 _aa |||||||||
200 1 _aЗарубежные кондиционеры для транспортных машин
_f[П.Т. Бондарь, В.З. Хейфец, к. т. н. И.Р. Щекин]
210 _aМ.
_cЦНИИТЭстроймаш
_d1982
215 _a40 с.
_cил.
_d22
225 1 _aСтроительное, дорожное и коммунальное машиностроение
_hСерия 11
_iКондиционеры, калориферы и вентиляторы
_eОбзор. информ.
_fЦНИИ информ. и техн.-экон. исслед. по строит., дор. и коммун. машиностроению
_vВып. 1
300 _aВ надзаг. также: М-во строит., дор. и коммун. машиностроения
320 _aБиблиогр.: с. 38-39
700 1 _aБондарь
_bП. Т.
_gПилот Трофимович
701 1 _aХейфец
_bВ. З.
701 1 _aЩекин
_bИ. Р.
801 0 _aRU
_bNLR
_gpsbo
801 1 _aRU
_bELAR
_2rusmarc
852 _aNLR
_jП10/583
942 _cBOOK
980 _aNB